00624 a2200181 45000010006000000050017000060080041000230030015000640400040000790800162001192450027002812500012003082640047003203000023003670410008003901000020003987000024004186372920260407155936.0260407a1956 arg spa dAR-UNSa-BCEJYS aAR-UNSa-BCEJYSbspacAR-UNSa-BCEJYS a51-7xEstudios y métodos matemáticos en otros campos del conocimiento. Matemáticas científicas. Matemáticas actuariales (Matemáticas Financieras)10aMathematics of finance a2a. ed. 1aNew York :bMcGraw-Hill Book Companyc1956 axi, 372 p.c21 cm. aspa1 aHummel, Paul M.1 aSeebeck, Charles L.